000 00597nam a2200217Ii 4500
003 JO-AjNU
008 230606s9999||||xx |||||||||||||| ||und||
020 _a978-0-7897-3626-0/0-7897-3626-8
040 _aJO-AjNU
_beng
_erda
_cJO-AjNU
041 _aeng
050 1 4 _aTK5105.875.I57 G72423.2007
100 3 _aGralla , Preston,
_eauthor
_9933
245 0 0 _aHow the Internet Works
250 _a8 ed
264 3 1 _aQue ,2007
300 _a416p
336 _atext
_btxt
_2rdacontent
337 _aunmediated
_bn
_2rdamedia
338 _avolume
_bnc
_2rdacarrier
650 4 _aInternet -computer
_9934
999 _aE492
_c492
_d492